1915 1689 2000 1671 1882 1367 1471 1085 1977 1615 1975 1305 1306 1954 1715 1930 1462 1638 1628 1606 1720 1733 1866 1379 1999 1811 1484 1320 1717 1003 1116 1060 1552 1039 1007 1689 1619 1919 1239 1326 1291 1212 1253 1565 1805 1401 1502 1498 1161 1234 1183 1897 1345 1286 1112 1823 1751 1179 1566 1975 1313 1291 1839 1870 1328 1168 1027 1313 1881 1957 1212 1397 1813 1967 1321 1749 1317 1450 1830 1155 1424 1669 1390 1823 1581 1264 1558 1756 1238 1749 1664 1193 1538 1137 1964 1525 1618 1839 1174 BCNSPRNW ULIB Ver.6.0+V

เปลี่ยนเป็นภาษาไทย

Change to English
 แสดงรายละเอียดบรรณานุกรม
  กลับหน้าหลัก

Brief Record : Get Marc (ISO 2709) : E-mail record : QR code < ปิดหน้าต่าง
LEADER : 00000nam 2200000uu 4500
001    13399109836
003     ULIB
008    110303s||||||||th 000 0 tha d
020    9747762846
060 04 WC503.7^bก169ค ล.7 2539
110 1  กระทรวงสาธารณสุข^bกรมสุขภาพจิต
245 00 คู่มือการฝึกอบรมการให้คำปรึกษาเรื่องโรคเอดส์ เล่มที่7 /^cกรมสุขภาพจิต
260    [นนทบุรี] :^bกรมสุขภาพจิต,^c2539
300    39 หน้า
650  7 การให้คำปรึกษา
650  7 โรคเอดส์
945    ^p0^l0^i029166
995    ทศพร
999 ^a ใช้งานได้ทุกระบบ
รายการนี้ยังไม่มีแท็ก
คุณยังไม่ได้ล็อกอิน คุณสามารถมีกิจกรรมร่วมกับเว็บไซต์ได้ แต่ต้องล็อกอินก่อน ::
  ล็อกอิน

รายการสื่อสารสนเทศ

ลำดับที่ ประเภท เลขเรียก/บาร์โค้ด สถานที่ สถานะ
- ไม่พบข้อมูล -

รายการใกล้เคียง
    หัวเรื่อง [การให้คำปรึกษา]
    หัวเรื่อง [โรคเอดส์]

BibComment


ยังไม่เคยถูกคอมเมนท์

คอมเมนท์ทรัพยากรรายการนี้
  คอมเมนท์: คู่มือการฝึกอบรมก..


 Copyright 2026. Bcnsprnw @Library